|
|
|
|
| LEADER |
00000ny a22000003n 4500 |
| 003 |
CaPaEBR |
| 005 |
20110623181911.0 |
| 006 |
m u |
| 007 |
cr cn||||||||| |
| 008 |
040601s2004 nyu sb 000 0 eng d |
| 020 |
|
|
|a 9780821358924
|
| 035 |
|
|
|a 2144
|
| 040 |
|
|
|a CaPaEBR
|c CaPaEBR
|d vlex
|
| 050 |
1 |
4 |
|a KJE6456
|b .G47 2004eb
|
| 082 |
0 |
4 |
|a 343.240721
|2 22
|
| 090 |
|
|
|c 1100
|d 1100
|
| 100 |
1 |
|
|a Geradin, Damien
|
| 245 |
1 |
0 |
|a Competition law and regional economic integration
|h [Recurso electrn̤ico]
|b an analysis of the southern Mediterranean countries /
|c Damien Geradin
|
| 256 |
0 |
0 |
|a Servicio en ln̕ea
|
| 260 |
|
|
|a Washington, D.C. :
|b World Bank,
|c 2004
|
| 300 |
|
|
|a xi, 94 p
|
| 504 |
|
|
|a Includes bibliographical references
|
| 506 |
1 |
|
|a Contenido solo disponible en los productos indicados
|d vLex Global
|d vLex Global (Academic Edition, excluding Law Schools)
|d vLex Global (U.S. Academic Edition, Law Schools)
|d vLex Global (U.S. Academic Edition, excluding Law Schools)
|d vLex Global (Academic Edition, Law Schools)
|
| 740 |
0 |
|
|a vLex Libros (Servicios en ln̕ea)
|
| 856 |
4 |
0 |
|z Acceso restringido
|u http://vlex.com/source/2144
|
| 942 |
|
|
|c BOOK
|
| 999 |
|
0 |
|a Antitrust law
|z European Union countries
|
| 999 |
|
0 |
|a Antitrust law
|z Mediterranean Region
|
| 999 |
|
0 |
|a Competition
|z European Union countries
|
| 999 |
|
0 |
|a Competition
|z Mediterranean Region
|
| 999 |
|
0 |
|a Electronic books.
|